| 000 | 01062nam a2200337 c 4500 | ||
|---|---|---|---|
| 003 | BLK | ||
| 005 | 20250215133329.0 | ||
| 008 | 180409b bul|||||r ||||||| ||bul|| | ||
| 010 | _aKNG00120633000 | ||
| 020 |
_a9783-411-70828-4 _bиздат.: Dudenverl. |
||
| 040 | _aBLK | ||
| 041 |
_aDEU _cDEU |
||
| 072 | 7 |
_2bullib _aН9902 _xНемска читалня - художествена Н |
|
| 080 |
_aНемска литература _b821.112.2 _x-93-32 _z821.112.2-93-32 |
||
| 100 | 1 |
_aPetrick, Nina _eпърви автор _921098 |
|
| 700 | 1 |
_aAntoni, Birgit _eил. _93776 |
|
| 139 |
_aPetrick, Nina _bP 51 |
||
| 245 | 1 | 0 |
_aAchtung, wir kochen! _cNina Petrick; ил. Birgit Antoni. |
| 257 | _aDEU | ||
| 260 |
_аMannheim _bDudenverl. _c2010 |
||
| 300 |
_a34 c. _bс ил. _c23 cm |
||
| 380 | _aDX | ||
| 490 | 1 |
_aLesedetektive _v1. Klasse |
|
| 659 | _aН | ||
| 852 | _aЦб 72000 | ||
| 856 | 4 |
_qpdf _u |
|
| 856 | 4 |
_qpdf _u |
|
| 942 |
_cKNG _n0 _03 |
||
| 944 |
_aCR _c05.01.2011 _k30552 _lВиолета Тройчева |
||
| 944 |
_aED _c05.01.2011 _k |
||
| 999 |
_c115166 _d115166 |
||